| 000 | 00876nac a22002655a 4500 | ||
|---|---|---|---|
| 008 | 150816t2008 nyua f d 001 0 eng d | ||
| 010 | _asn 98002062 | ||
| 020 | _a9780073403953 | ||
| 020 | _a0073403954 | ||
| 022 | 0 | _a1099-5587 | |
| 035 | _a(OCoLC)ocm39128714 | ||
| 082 | 0 | 4 |
_a343.7304 _bJON _222 |
| 100 | 1 | _aJones, Sally M. | |
| 245 | 1 | 0 |
_aPrinciples of taxation/ _bfor business and investment planning. _cSally M.Jones, Shelley C. Rhoades-catanach |
| 260 |
_aNew York : _bMcGraw-Hill, _cc.2008. |
||
| 300 |
_av. : 591p. : _bill. ; _c27 cm. |
||
| 500 | _aIndex : p. 579-591. | ||
| 500 | _aGlossary : p. 564-574. | ||
| 590 | _acatalogued by: Mostafa El-Helaly | ||
| 650 | 0 |
_aTaxation _xLaw and legislation _zUnited States _2BUEsh |
|
| 650 | 0 |
_aTax planning _zUnited States _2BUEsh |
|
| 651 | _2BUEsh | ||
| 653 | _cAugust2015 | ||
| 942 |
_cNB _k343JON _2ddc |
||
| 999 |
_c8028 _d8027 |
||